Songs lyrics, composed, arranged by TEDDY(2016-2025) - Statistics

General Stats
  • This quiz has been taken 15 times
  • The average score is 43 of 82
Answer Stats
Artist / Show Year note Song % Correct
BLACKPINK 2019 Lyrics,
Composed,
Arranged
Kill This Love
92%
LISA 2021 Lyrics, Composed LALISA
92%
BLACKPINK 2017 Lyrics, Composed,Arranged As if it's your last
85%
BLACKPINK 2016 Lyrics,
Composed,
Arranged
BOOMBAYAH
85%
BLACKPINK 2018 Lyrics,
Composed,
Arranged
DDU-DU DDU-DU
85%
JISOO 2023 Lyrics FLOWER
85%
BLACKPINK 2018 Lyrics,
Composed,
Arranged
Forever Young
85%
HUNTR/X(KPop Demon Hunters) 2025 Produced Golden
85%
BLACKPINK 2020 Lyrics, Composed How You Like That
85%
BLACKPINK 2020 Lyrics, Composed Ice Cream
85%
JEON SOMI 2024 Lyrics Ice Cream
85%
MEOVV 2024 Lyrics MEOW
85%
ROSÉ 2021 Lyrics,
Composed,
Arranged
On The Ground
85%
BLACKPINK 2022 Lyrics, Composed Pink Venom
85%
JEON SOMI 2021 Lyrics XOXO
85%
iKON 2021 Lyrics,
Composed,
Arranged
CLASSY SAVAGE
77%
ROSÉ 2021 Lyrics, Composed Gone
77%
HUNTR/X(KPop Demon Hunters) 2025 Produced How It’s Done
77%
BLACKPINK 2020 Lyrics,
Composed,
Arranged
Pretty Savage
77%
JENNIE 2018 Lyrics, Composed SOLO
77%
Lady Gaga (ft. BLACKPINK) 2020 Lyrics, Composed Sour Candy
77%
MEOVV 2024 Composed TOXIC
77%
BLACKPINK 2016 Lyrics,
Composed,
Arranged
WHISTLE
77%
JEON SOMI 2019 Lyrics, Composed BIRTHDAY
69%
SUNMI 2017 Lyrics, Composed Gashina
69%
MEOVV 2025 Composed, Lyrics HANDS UP
69%
CL 2015 Lyrics, Composed, Arranged Hello Bitches
69%
Dua Lipa and BLACKPINK 2018 Lyrics, Composed Kiss And Make Up
69%
BLACKPINK 2020 Lyrics, Composed Lovesick Girls
69%
BLACKPINK 2016 Lyrics, Composed PLAYIN' WITH FIRE
69%
BLACKPINK 2022 Lyrics, Composed Shut Down
69%
JENNIE 2023 Lyrics, Composed You & Me
69%
JISOO 2023 Lyrics, Composed All Eyes On Me
62%
BLACKPINK 2020 Arranged Bet You Wanna
62%
MEOVV 2024 Lyrics, Composed BODY
62%
JEON SOMI 2023 Lyrics,
Composed,
Arranged
Fast Forward
62%
izna 2024 Lyrics,
Composed,
Arranged
IZNA
62%
BLACKPINK 2019 Lyrics, Composed Kick It
62%
BLACKPINK 2020 Arranged Love To Hate Me
62%
BLACKPINK 2018 Lyrics, Composed Really
62%
BLACKPINK 2018 Lyrics, Composed See U Later
62%
BLACKPINK 2020 Lyrics, Composed Crazy Over You
54%
BLACKPINK 2019 Lyrics,
Composed,
Arranged
Don't Know What To Do
54%
MEOVV 2025 Composed, Lyrics DROP TOP
54%
JEON SOMI 2021 Lyrics,
Composed,
Arranged
DUMB DUMB
54%
I-LAND2 : N/a 2024 Composed FINAL LOVE SONG
54%
BLACKPINK 2019 Lyrics, Composed Hope Not
54%
BLACKPINK 2022 Lyrics, Composed Ready For Love
54%
DJ Snake, Ozuna, Megan Thee Stallion & LISA 2021 Lyrics SG
54%
BLACKPINK 2016 Lyrics,
Composed,
Arranged
STAY
54%
JEON SOMI 2020 Lyrics, Composed What You Waiting For
54%
BLACKPINK 2022 Lyrics, Composed Hard to Love
46%
izna 2025 Composed, Arranged BEEP
38%
I-LAND2 : N/a 2024 Lyrics, Composed DRIP
38%
JEON SOMI 2023 Lyrics Gold Gold Gold
38%
izna 2025 Composed SIGN
38%
izna 2024 Lyrics, Composed TIMEBOMB
38%
SUNMI 2018 Lyrics, Composed Heroine
31%
G-DRAGON 2024 Lyrics, Composed HOME SWEET HOME
31%
MIX NINE 2017 Lyrics, Composed Just Dance
31%
BLACKPINK 2017 Remix So Hot
31%
I-LAND2 : N/a 2024 Lyrics, Composed FAKE IT
23%
BIGBANG 2016 Lyrics,
Composed,
Arranged
FXXK IT
23%
BIGBANG 2016 Lyrics,
Composed,
Arranged
GIRLFRIEND
23%
I-LAND2 : N/a 2024 Lyrics IWALY
23%
CL 2016 Lyrics, Arranged LIFTED
23%
MEOVV 2025 Composed, Lyrics LIT RIGHT NOW
23%
SEUNGRI 2018 Lyrics, Composed 1, 2, 3!
15%
TAEYANG 2017 Lyrics,
Composed,
Arranged
DARLING
15%
JEON SOMI 2021 Lyrics, Composed Don't Let Me Go
15%
JEON SOMI 2023 Arranged The Way
15%
TAEYANG 2017 Composed White Night
15%
TAEYANG 2017 Composed AMAZIN'
8%
iKON 2018 Lyrics, Composed BEAUTIFUL
8%
G-DRAGON 2017 Composed BULLSHIT
8%
MOBB 2016 Composed, Arranged FULL HOUSE
8%
JEON SOMI 2023 Lyrics, Composed Fxxked Up
8%
MOBB 2016 Composed, Arranged HIT ME
8%
TAEYANG 2018 Composed LOUDER
8%
Lee Hi 2016 Lyrics,
Composed,
Arranged
MY STAR
8%
TAEYANG 2017 Composed RIDE
8%
G-DRAGON 2017 Lyrics,
Composed,
Arranged
SUPERSTAR
8%
No matching quizzes found
Score Distribution
Percent of People with Each Score
Percentile by Number Answered
Your Score History
You have not taken this quiz